[Event "9th Calgary International"]
[Site "Calgary"]
[Date "2016.07.30"]
[Round "5.14"]
[White "Wu, Chenxi"]
[Black "Sklenka, Steve"]
[Result "1-0"]
[WhiteElo "1757"]
[BlackElo "1479"]
[PlyCount "95"]
[EventDate "2016.07.27"]
[EventType "swiss"]
[EventRounds "9"]
[EventCountry "CAN"]

1. e4 e5 2. Nf3 Nf6 3. Nc3 Nc6 4. Bb5 Bb4 5. O-O O-O 6. d3 d6 7. Bg5 Bxc3 8.
bxc3 Qe7 9. h3 Nd8 10. Re1 Ne6 11. Bh4 Nf4 12. d4 Ng6 13. Bg3 c6 14. Bc4 b5 15.
Bb3 a5 16. a4 Be6 17. dxe5 dxe5 18. Nxe5 Nxe5 19. Bxe5 Bxb3 20. Bxf6 Qxf6 21.
cxb3 Qxc3 22. Rc1 Qf6 23. Qd7 Rac8 24. axb5 Rfd8 25. Qb7 Rb8 26. Qxc6 Qxc6 27.
bxc6 Rbc8 28. c7 Rd7 29. Ra1 Rdxc7 30. Rxa5 g6 31. f3 Rc2 32. Kf1 Rb2 33. Re2
Rxb3 34. Rd5 Rc1+ 35. Kf2 h5 36. Rg5 Kg7 37. e5 Rc5 38. Rg3 Rcc3 39. e6 Rb8 40.
Rg5 f5 41. e7 Re8 42. Re6 Rc2+ 43. Kg1 Rxe7 44. Rexg6+ Kf7 45. Rg7+ Ke8 46.
Rxe7+ Kxe7 47. Rxf5 h4 48. Rf4 1-0

[Event "9th Calgary International"]
[Site "Calgary"]
[Date "2016.07.30"]
[Round "5.15"]
[White "Wang, Jeff"]
[Black "Sasata, Alexander"]
[Result "1/2-1/2"]
[WhiteElo "1844"]
[BlackElo "1829"]
[PlyCount "52"]
[EventDate "2016.07.27"]
[EventType "swiss"]
[EventRounds "9"]
[EventCountry "CAN"]

1. e4 e5 2. Nf3 Nc6 3. Bb5 a6 4. Ba4 Nf6 5. d3 b5 6. Bb3 Bc5 7. c3 d6 8. d4 Bb6
9. h3 O-O 10. O-O h6 11. Re1 Bb7 12. d5 Ne7 13. Be3 Ng6 14. Bxb6 cxb6 15. Nbd2
Nf4 16. Nf1 Nd7 17. Ng3 Nc5 18. Bc2 Bc8 19. Nh2 Qg5 20. Nf3 Qg6 21. b4 Nb7 22.
Nh4 Qg5 23. Nf3 Qg6 24. Nh4 Qg5 25. Nf3 Qg6 26. Nh4 Qg5 1/2-1/2

[Event "9th Calgary International"]
[Site "Calgary"]
[Date "2016.07.30"]
[Round "6.2"]
[White "Mikhalevski, Victor"]
[Black "Troff, Kayden"]
[Result "0-1"]
[WhiteElo "2545"]
[BlackElo "2543"]
[PlyCount "52"]
[EventDate "2016.07.27"]
[EventType "swiss"]
[EventRounds "9"]
[EventCountry "CAN"]

1. Nf3 Nf6 2. c4 g6 3. Nc3 d5 4. cxd5 Nxd5 5. Qb3 Nb6 6. d4 Bg7 7. Bf4 Be6 8.
Qa3 O-O 9. e3 N8d7 10. Be2 c5 11. dxc5 Nc4 12. Qb4 a5 13. Qb5 Rc8 14. Nd4 Rxc5
15. Qxb7 Ndb6 16. O-O-O Bd5 17. Qa6 Nxb2 18. Kxb2 e5 19. Bh6 exd4 20. Nxd5 Nxd5
21. Bxg7 Qb8+ 22. Ka1 Nb4 23. Rc1 Kxg7 24. Rxc5 Nxa6 25. Bxa6 Qb6 26. exd4 Qxa6
0-1

[Event "9th Calgary International"]
[Site "Calgary"]
[Date "2016.07.30"]
[Round "6.3"]
[White "Bruzon, Lazaro"]
[Black "Bodek, Michael"]
[Result "1/2-1/2"]
[WhiteElo "2643"]
[BlackElo "2408"]
[PlyCount "112"]
[EventDate "2016.07.27"]
[EventType "swiss"]
[EventRounds "9"]
[EventCountry "CAN"]

1. Nf3 d5 2. e3 Nf6 3. c4 e6 4. d4 c5 5. cxd5 exd5 6. Bb5+ Nc6 7. O-O Bd6 8.
Nc3 O-O 9. dxc5 Bxc5 10. b3 a6 11. Bxc6 bxc6 12. Bb2 Bg4 13. Rc1 Bd6 14. Ne2
Rc8 15. Ne5 Bxe5 16. Bxe5 Re8 17. Bd4 Nd7 18. f3 Bf5 19. Qd2 Qe7 20. Ng3 Bg6
21. Rfe1 f6 22. b4 h5 23. Ne2 h4 24. Nf4 Bh7 25. Nh3 Bf5 26. Nf2 Qf7 27. Rc3 a5
28. Rec1 axb4 29. Rxc6 Rxc6 30. Rxc6 Ne5 31. Bxe5 Rxe5 32. Rd6 Qe7 33. Rxd5
Rxe3 34. Ne4 Qa7 35. Nc5 Rd3 36. Rxd3 Bxd3 37. Qxb4 h3 38. gxh3 Bf5 39. a4 Qe7
40. Kf2 Qe5 41. f4 Qa1 42. a5 Qh1 43. a6 Qxh2+ 44. Ke1 Bxh3 45. a7 Bg2 46. Qb3+
Kh8 47. Qe3 Qh1+ 48. Kd2 Ba8 49. Ne6 Qd5+ 50. Kc1 Qc4+ 51. Kb2 Qb4+ 52. Kc1
Qc4+ 53. Kd2 Qa2+ 54. Ke1 Qa1+ 55. Kd2 Qa2+ 56. Ke1 Qa1+ 1/2-1/2

[Event "9th Calgary International"]
[Site "Calgary"]
[Date "2016.07.30"]
[Round "6.5"]
[White "Popilski, Gil"]
[Black "Peter, Steven"]
[Result "1-0"]
[WhiteElo "2542"]
[BlackElo "2083"]
[PlyCount "109"]
[EventDate "2016.07.27"]
[EventType "swiss"]
[EventRounds "9"]
[EventCountry "CAN"]

1. e4 d6 2. d4 Nf6 3. Nc3 Nbd7 4. Nf3 e5 5. Bc4 Be7 6. a4 c6 7. O-O Qc7 8. h3
h6 9. Ba2 g5 10. dxe5 dxe5 11. Nh2 Nc5 12. Re1 Ne6 13. Be3 Nf4 14. Nf1 Be6 15.
Bxe6 fxe6 16. Qb1 Kf7 17. Qa2 a5 18. Ne2 Nxe2+ 19. Rxe2 b5 20. Ng3 Rhb8 21. c3
Bf8 22. Qb3 bxa4 23. Qxa4 Qb7 24. Rd2 Qb5 25. Qd1 c5 26. Nh5 Rb7 27. h4 Nh7 28.
hxg5 hxg5 29. Ng3 Be7 30. Qh5+ Kg7 31. Rad1 c4 32. Nf1 Qc6 33. Nh2 Qxe4 34. Nf3
Qg6 35. Qxg6+ Kxg6 36. Nxe5+ Kf5 37. Nxc4 Nf6 38. Re2 Rb5 39. Bc1 Ra6 40. Rde1
Nd7 41. Re3 a4 42. Rf3+ Kg6 43. Rd3 Nf8 44. Ne5+ Kg7 45. Rg3 Nh7 46. Rg4 a3 47.
bxa3 Rb1 48. a4 Ra1 49. Nf3 R1xa4 50. Rxa4 Rxa4 51. Rxe6 Bf6 52. Be3 Rc4 53.
Bd4 Bxd4 54. cxd4 g4 55. Ne5 1-0

[Event "9th Calgary International"]
[Site "Calgary"]
[Date "2016.07.30"]
[Round "6.7"]
[White "Kavutskiy, Konstantin"]
[Black "Langer, Michael"]
[Result "1/2-1/2"]
[WhiteElo "2373"]
[BlackElo "2245"]
[PlyCount "59"]
[EventDate "2016.07.27"]
[EventType "swiss"]
[EventRounds "9"]
[EventCountry "CAN"]

1. d4 Nf6 2. c4 c5 3. d5 b5 4. cxb5 a6 5. bxa6 g6 6. Nc3 Bg7 7. e4 O-O 8. Be2
Bxa6 9. Nf3 d6 10. O-O Nbd7 11. a4 Qb6 12. Bxa6 Rxa6 13. Qe2 Ng4 14. Bg5 Rfa8
15. h3 Bxc3 16. bxc3 Ngf6 17. c4 Rxa4 18. Rxa4 Rxa4 19. e5 dxe5 20. Nxe5 Nxe5
21. Qxe5 Rxc4 22. Ra1 Qb7 23. d6 Re4 24. Qc3 Rd4 25. dxe7 Qxe7 26. Ra8+ Kg7 27.
Ra6 Rd6 28. Rxd6 Qxd6 29. Bxf6+ Qxf6 30. Qxc5 1/2-1/2

[Event "9th Calgary International"]
[Site "Calgary"]
[Date "2016.07.30"]
[Round "6.8"]
[White "Haessel, Dale"]
[Black "Sasata, Robert"]
[Result "1/2-1/2"]
[WhiteElo "2187"]
[BlackElo "2286"]
[PlyCount "90"]
[EventDate "2016.07.27"]
[EventType "swiss"]
[EventRounds "9"]
[EventCountry "CAN"]

1. d4 Nf6 2. c4 e6 3. Nc3 Bb4 4. e3 O-O 5. Nge2 c6 6. a3 Ba5 7. c5 Bc7 8. b4 d5
9. cxd6 Bxd6 10. g3 e5 11. Bg2 exd4 12. Qxd4 a5 13. b5 Qe7 14. Bb2 Bc5 15. Qh4
Nbd7 16. O-O Ne5 17. Ne4 cxb5 18. Nxc5 Qxc5 19. Bd4 Qe7 20. Nc3 Bd7 21. Ne4
Rfe8 22. Nxf6+ Qxf6 23. Qxf6 gxf6 24. Bxb7 Rab8 25. Bg2 Kg7 26. Rfc1 Rbc8 27.
Kf1 Be6 28. Bxe5 fxe5 29. Bc6 Bc4+ 30. Rxc4 bxc4 31. Bxe8 Rxe8 32. Rc1 Rc8 33.
e4 Kf6 34. Ke2 Ke6 35. Rb1 Rc6 36. Rb5 c3 37. Kd1 Rd6+ 38. Kc2 Rd2+ 39. Kxc3
Rxf2 40. Rxa5 Rxh2 41. Ra6+ Ke7 42. a4 Rg2 43. Kc4 Rxg3 44. Kd5 h5 45. Kxe5 h4
1/2-1/2

[Event "9th Calgary International"]
[Site "Calgary"]
[Date "2016.07.30"]
[Round "6.9"]
[White "Collyer, Curt"]
[Black "Shi, Diwen"]
[Result "0-1"]
[WhiteElo "2238"]
[BlackElo "2132"]
[PlyCount "80"]
[EventDate "2016.07.27"]
[EventType "swiss"]
[EventRounds "9"]
[EventCountry "CAN"]

1. d4 Nf6 2. c4 e6 3. Nc3 Bb4 4. a3 Bxc3+ 5. bxc3 c5 6. e3 d5 7. Bd3 O-O 8. Ne2
dxc4 9. Bxc4 Qc7 10. Ba2 b6 11. O-O Nc6 12. Ng3 Rd8 13. Nh5 Qe7 14. Qe2 Na5 15.
Bb2 Nxh5 16. Qxh5 Ba6 17. Rfd1 Rac8 18. Rac1 Bc4 19. Bb1 g6 20. Qh6 Bb3 21. Bc2
Bxc2 22. Rxc2 Nc4 23. e4 cxd4 24. cxd4 Nxb2 25. Rxb2 Qxa3 26. Rbb1 Rc4 27. d5
exd5 28. Qg5 Qf8 29. e5 d4 30. Rb3 Rc5 31. Qf6 d3 32. h4 d2 33. Kf1 Qe8 34. f4
Rc6 35. Qg5 f6 36. Qg4 fxe5 37. f5 Qf7 38. Rf3 Qc4+ 39. Qxc4+ Rxc4 40. fxg6
hxg6 0-1

[Event "9th Calgary International"]
[Site "Calgary"]
[Date "2016.07.30"]
[Round "6.10"]
[White "Sinanan, Joshua"]
[Black "Findlay, Ian"]
[Result "1/2-1/2"]
[WhiteElo "2175"]
[BlackElo "2245"]
[PlyCount "95"]
[EventDate "2016.07.27"]
[EventType "swiss"]
[EventRounds "9"]
[EventCountry "CAN"]

1. Nf3 Nf6 2. c4 e6 3. g3 d5 4. d4 Be7 5. Bg2 O-O 6. O-O dxc4 7. Qc2 a6 8. a4
Bd7 9. Qxc4 Bc6 10. Bf4 a5 11. Nc3 Na6 12. Rac1 Rc8 13. Rfd1 Nb4 14. Bg5 Ne8
15. Bxe7 Qxe7 16. e4 Nd6 17. Qe2 b6 18. Ne5 Bb7 19. f4 Rfd8 20. Qf2 Ba6 21. Bf1
Bxf1 22. Kxf1 c5 23. dxc5 Rxc5 24. Rd4 f6 25. Nf3 e5 26. fxe5 fxe5 27. Rdd1 Rf8
28. Kg2 Qf6 29. Qe2 Rfc8 30. Rf1 Qe7 31. Rf2 h6 32. Rcf1 Qe6 33. Nh4 Kh7 34.
Nf5 Nc6 35. Nxd6 Qxd6 36. Qg4 Nd4 37. Rf7 Qg6 38. Qxg6+ Kxg6 39. Rb7 R8c6 40.
Rff7 Ne6 41. h4 h5 42. Kh3 Rc4 43. Rfd7 Kh6 44. Rd5 Nc5 45. Re7 Nxe4 46. Nxe4
Rxe4 47. Rexe5 Rxe5 48. Rxe5 1/2-1/2

[Event "9th Calgary International"]
[Site "Calgary"]
[Date "2016.07.30"]
[Round "6.11"]
[White "Ebrahim-Shirazi, Behrooz"]
[Black "Bates, Darren"]
[Result "1/2-1/2"]
[WhiteElo "2050"]
[BlackElo "1867"]
[PlyCount "65"]
[EventDate "2016.07.27"]
[EventType "swiss"]
[EventRounds "9"]
[EventCountry "CAN"]

1. d4 f5 2. g3 e6 3. Bg2 Nf6 4. c4 Bb4+ 5. Nd2 c6 6. a3 Be7 7. Qc2 d5 8. Ngf3
O-O 9. O-O Bd6 10. c5 Bc7 11. b4 Qe8 12. Bb2 Qh5 13. e3 Nbd7 14. b5 Ne4 15.
bxc6 Ndf6 16. cxb7 Bxb7 17. Nxe4 fxe4 18. Ne5 Ba6 19. h3 Bxf1 20. Rxf1 Bxe5 21.
dxe5 Nd7 22. Rc1 Rfc8 23. Bd4 Rc7 24. g4 Qg5 25. Qb2 Rb8 26. Qc3 Qe7 27. Bf1
Rbc8 28. Ba6 Rxc5 29. Bxc8 Rxc3 30. Rxc3 Nb6 31. Bxb6 axb6 32. Rc6 Qxa3 33.
Bxe6+ 1/2-1/2

[Event "9th Calgary International"]
[Site "Calgary"]
[Date "2016.07.30"]
[Round "6.12"]
[White "Kostadinov, Georgi"]
[Black "Wu, Chenxi"]
[Result "1-0"]
[WhiteElo "2018"]
[BlackElo "1757"]
[PlyCount "125"]
[EventDate "2016.07.27"]
[EventType "swiss"]
[EventRounds "9"]
[EventCountry "CAN"]

1. d4 Nf6 2. c4 e6 3. g3 Bb4+ 4. Bd2 Bxd2+ 5. Qxd2 O-O 6. Nc3 d5 7. cxd5 exd5
8. Bg2 Be6 9. Nf3 Nbd7 10. O-O Nb6 11. Ne5 c6 12. b3 Qe7 13. Rac1 Rfd8 14. Rfd1
Rac8 15. a4 Nbd7 16. Nxd7 Qxd7 17. a5 Qe7 18. Na4 Nd7 19. b4 b6 20. e4 dxe4 21.
Bxe4 Bd5 22. Bxd5 cxd5 23. Rb1 Rc4 24. Nc3 Nf6 25. Re1 Qc7 26. Nb5 Qd7 27. Na3
Rc7 28. axb6 axb6 29. Qd3 Rdc8 30. Ra1 Ne4 31. Qa6 Qf5 32. Qe2 h6 33. f3 Nc3
34. Qe3 Qd7 35. Kg2 Nb5 36. Nxb5 Qxb5 37. Qe5 Rc2+ 38. Kh3 Qd7+ 39. g4 Rb2 40.
Rab1 Rbc2 41. Qe7 Qc6 42. Rb3 Rxh2+ 43. Kxh2 Qc2+ 44. Kg3 Qxb3 45. Qd7 Qc3 46.
Re7 Rf8 47. Qxd5 Qxb4 48. Qe4 Rd8 49. Re8+ Rxe8 50. Qxe8+ Qf8 51. Qc6 Qb8+ 52.
Kg2 Kf8 53. d5 Ke7 54. Kf1 b5 55. Qc5+ Kf6 56. Qd4+ Kg5 57. d6 Qb7 58. Kg2 Qd7
59. Qxg7+ Kf4 60. Qd4+ Kg5 61. Qg7+ Kf4 62. Qf6+ Ke3 63. Qe7+ 1-0

[Event "9th Calgary International"]
[Site "Calgary"]
[Date "2016.07.30"]
[Round "6.13"]
[White "Nechio, Douglas"]
[Black "Wang, Jeff"]
[Result "1/2-1/2"]
[WhiteElo "1906"]
[BlackElo "1844"]
[PlyCount "67"]
[EventDate "2016.07.27"]
[EventType "swiss"]
[EventRounds "9"]
[EventCountry "CAN"]

1. e4 c5 2. Nf3 g6 3. d4 cxd4 4. Nxd4 Bg7 5. c4 Nc6 6. Nc2 d6 7. Be2 Nf6 8. Nc3
O-O 9. Be3 a5 10. O-O Nd7 11. f3 Nc5 12. Rb1 f5 13. Qd2 Be6 14. Nd4 Nxd4 15.
Bxd4 Qb6 16. Qe3 Bxd4 17. Qxd4 Nd7 18. Rfd1 Rac8 19. Nd5 Bxd5 20. exd5 Qxd4+
21. Rxd4 f4 22. Re4 Ne5 23. b4 axb4 24. Rxb4 Rc7 25. a4 g5 26. Rb5 Rfc8 27. g3
fxg3 28. hxg3 Kf8 29. Rb4 Ra8 30. f4 gxf4 31. Rxf4+ Kg7 32. Kg2 Nd7 33. Rg4+
Kf8 34. Rf4+ 1/2-1/2

[Event "9th Calgary International"]
[Site "Calgary"]
[Date "2016.07.30"]
[Round "6.14"]
[White "Sasata, Alexander"]
[Black "Dave, Bhavik"]
[Result "0-1"]
[WhiteElo "1829"]
[BlackElo "1669"]
[PlyCount "26"]
[EventDate "2016.07.27"]
[EventType "swiss"]
[EventRounds "9"]
[EventCountry "CAN"]

1. e4 e5 2. Nf3 Nc6 3. Bc4 Nf6 4. Ng5 d5 5. exd5 b5 6. Bf1 Nd4 7. c3 Nxd5 8.
cxd4 Qxg5 9. Bxb5+ Kd8 10. O-O Bb7 11. Qf3 Rb8 12. d3 Nf4 13. Qg3 Ne2+ 0-1

[Event "9th Calgary International"]
[Site "Calgary"]
[Date "2016.07.30"]
[Round "6.15"]
[White "Tolentino, Patrick"]
[Black "Sklenka, Steve"]
[Result "1-0"]
[WhiteElo "1876"]
[BlackElo "1479"]
[PlyCount "81"]
[EventDate "2016.07.27"]
[EventType "swiss"]
[EventRounds "9"]
[EventCountry "CAN"]

1. e4 e5 2. Nf3 Nf6 3. Bc4 Bc5 4. O-O d6 5. d3 O-O 6. h3 Nc6 7. Bg5 h6 8. Bh4
Be6 9. Bb3 Na5 10. Bxe6 fxe6 11. c3 Nc6 12. a4 a6 13. b4 Ba7 14. Qb3 Qd7 15.
Nbd2 Kh8 16. Rad1 Ne7 17. d4 exd4 18. Nxd4 Ng6 19. Bg3 e5 20. N4f3 Nh5 21. Kh2
Nxg3 22. fxg3 Rf6 23. Qd5 c6 24. Qd3 Raf8 25. Nc4 Re6 26. Nxd6 Bb8 27. Nc4 Qxd3
28. Rxd3 c5 29. b5 Kg8 30. Rfd1 Rfe8 31. Rd7 axb5 32. axb5 b6 33. Rb7 Kf8 34.
Nxb6 Rxb6 35. Rxb6 Ne7 36. Rd7 c4 37. Rbb7 Kf7 38. Nd2 Ke6 39. Nxc4 Nc8 40.
Rxg7 Nd6 41. Rg6# 1-0

[Event "9th Calgary International"]
[Site "Calgary"]
[Date "2016.07.31"]
[Round "7.4"]
[White "Bodek, Michael"]
[Black "Shi, Diwen"]
[Result "1/2-1/2"]
[WhiteElo "2408"]
[BlackElo "2132"]
[PlyCount "155"]
[EventDate "2016.07.27"]
[EventType "swiss"]
[EventRounds "9"]
[EventCountry "CAN"]

1. e4 c5 2. Nf3 g6 3. d4 cxd4 4. Nxd4 Bg7 5. Nc3 Nc6 6. Be3 Nf6 7. Bc4 d6 8. h3
O-O 9. Bb3 Bd7 10. O-O a6 11. Re1 Rc8 12. f4 Qa5 13. Nd5 Nxd5 14. exd5 Nxd4 15.
Bxd4 Rfe8 16. c3 Bxd4+ 17. Qxd4 Qc5 18. Rad1 h5 19. Kh2 Qxd4 20. Rxd4 Bf5 21.
g3 Kg7 22. Bd1 Rc7 23. g4 hxg4 24. hxg4 Bc8 25. Kg3 Kf6 26. Rh1 Kg7 27. Bf3 Rh8
28. Re1 b5 29. a4 Re8 30. Ra1 Bb7 31. g5 Ra8 32. Rd2 Rc5 33. Rd4 Rc7 34. Kf2
Rh8 35. axb5 axb5 36. Kg3 Ra8 37. Rxa8 Bxa8 38. Kf2 Bb7 39. Ke3 Rc5 40. Be4 f6
41. Kd2 f5 42. b4 Rc8 43. Bd3 Ba6 44. Kc2 Kf7 45. Kb3 e6 46. dxe6+ Kxe6 47. Be2
Rh8 48. Bf3 Rh4 49. Bc6 Ke7 50. Kc2 Rh2+ 51. Rd2 Rh4 52. Rf2 Kd8 53. Kd3 Rh8
54. Ra2 Bc8 55. Kd4 Rh3 56. Rf2 Bd7 57. Bd5 Rh7 58. Ra2 Rh4 59. Rf2 Rh7 60. Rf1
Kc7 61. Rh1 Re7 62. Ra1 Re2 63. Kd3 Rf2 64. Ke3 Rh2 65. Rh1 Rc2 66. Kd3 Rf2 67.
Rh7 Kd8 68. Rh4 Ke7 69. c4 Rf1 70. cxb5 Bxb5+ 71. Kc3 Rc1+ 72. Kd2 Rb1 73. Rh7+
Kd8 74. Kc3 Rc1+ 75. Kd2 Rb1 76. Rh8+ Ke7 77. Rb8 Rxb4 78. Rb7+ 1/2-1/2

[Event "9th Calgary International"]
[Site "Calgary"]
[Date "2016.07.31"]
[Round "7.5"]
[White "Kavutskiy, Konstantin"]
[Black "Mikhalevski, Victor"]
[Result "0-1"]
[WhiteElo "2373"]
[BlackElo "2545"]
[PlyCount "102"]
[EventDate "2016.07.27"]
[EventType "swiss"]
[EventRounds "9"]
[EventCountry "CAN"]

1. d4 Nf6 2. c4 g6 3. f3 Nh5 4. Bg5 Bg7 5. Nc3 c5 6. d5 h6 7. Bh4 d6 8. e3 b5
9. g4 b4 10. Ne4 g5 11. Bf2 Nf6 12. Bd3 Nxe4 13. Bxe4 Bxb2 14. Ne2 h5 15. Rb1
Bf6 16. gxh5 Rxh5 17. Ng3 Bc3+ 18. Ke2 Rh8 19. Bd3 Nd7 20. Ne4 g4 21. f4 Bg7
22. Qa4 Kf8 23. Rbg1 Nb6 24. Qc2 Qe8 25. Nd2 Na4 26. f5 Nc3+ 27. Kf1 Qa4 28.
Qxa4 Nxa4 29. Rxg4 Nc3 30. Rhg1 Bf6 31. h4 Bb7 32. h5 Ke8 33. Bh4 Rxh5 34. Bxf6
exf6 35. Rg8+ Ke7 36. Rxa8 Bxa8 37. Rg8 Rh1+ 38. Kf2 Bxd5 39. cxd5 Rd1 40. e4
Rxd2+ 41. Ke3 Rxa2 42. Rb8 Ra3 43. Kd2 c4 44. Bxc4 Nxe4+ 45. Ke1 a5 46. Ba6
Re3+ 47. Kd1 Rf3 48. Kc1 Nc3 49. Bb7 Rxf5 50. Bc6 Rf1+ 51. Kc2 f5 0-1

[Event "9th Calgary International"]
[Site "Calgary"]
[Date "2016.07.31"]
[Round "7.7"]
[White "Peter, Steven"]
[Black "Brown, Michael W"]
[Result "1/2-1/2"]
[WhiteElo "2083"]
[BlackElo "2425"]
[PlyCount "65"]
[EventDate "2016.07.27"]
[EventType "swiss"]
[EventRounds "9"]
[EventCountry "CAN"]

1. e4 e5 2. Nf3 Nc6 3. Bc4 Bc5 4. c3 Nf6 5. d4 exd4 6. cxd4 Bb4+ 7. Nbd2 Nxe4
8. d5 Ne7 9. O-O Nxd2 10. Bxd2 Bxd2 11. d6 cxd6 12. Qxd2 O-O 13. Rad1 b5 14.
Bb3 Rb8 15. Qxd6 Rb6 16. Qd4 Nf5 17. Qf4 Qf6 18. Rfe1 Nh6 19. Qc7 Qxb2 20. Qxa7
Qf6 21. Qc7 Rc6 22. Qe5 Rb6 23. Rd4 Qxe5 24. Rxe5 d6 25. Re1 Nf5 26. Rd2 h5 27.
Ng5 Bd7 28. h3 g6 29. Ne4 Be6 30. Nf6+ Kg7 31. Rxe6 fxe6 32. Nd7 Rc6 33. Nxf8
1/2-1/2

[Event "9th Calgary International"]
[Site "Calgary"]
[Date "2016.07.31"]
[Round "7.8"]
[White "Sasata, Robert"]
[Black "Kazmaier, Daniel"]
[Result "0-1"]
[WhiteElo "2286"]
[BlackElo "2194"]
[PlyCount "46"]
[EventDate "2016.07.27"]
[EventType "swiss"]
[EventRounds "9"]
[EventCountry "CAN"]

1. d4 f5 2. e4 fxe4 3. Nc3 Nf6 4. Bg5 e6 5. Nxe4 Be7 6. Bxf6 Bxf6 7. Nf3 Qe7 8.
Qd2 Nc6 9. c3 d6 10. Bd3 Bd7 11. O-O O-O-O 12. b4 Qf7 13. Rab1 e5 14. b5 Ne7
15. dxe5 dxe5 16. Qe3 Kb8 17. Nc5 Bf5 18. Bxf5 Nxf5 19. Qe4 Nd6 20. Qe3 Rhe8
21. Rfe1 e4 22. Nd4 Bxd4 23. Qxd4 Nc4 0-1

[Event "9th Calgary International"]
[Site "Calgary"]
[Date "2016.07.31"]
[Round "7.9"]
[White "Langer, Michael"]
[Black "Sinanan, Joshua"]
[Result "1-0"]
[WhiteElo "2245"]
[BlackElo "2175"]
[PlyCount "107"]
[EventDate "2016.07.27"]
[EventType "swiss"]
[EventRounds "9"]
[EventCountry "CAN"]

1. e4 Nf6 2. e5 Nd5 3. d4 d6 4. Nf3 Bg4 5. Be2 e6 6. O-O Be7 7. c4 Nb6 8. Nc3
O-O 9. Be3 a5 10. b3 Na6 11. Qd2 Nd7 12. Rfd1 dxe5 13. dxe5 Ndc5 14. Nd4 Bxe2
15. Qxe2 Qe8 16. Qg4 f5 17. Qe2 a4 18. bxa4 c6 19. f4 Qc8 20. Nb3 Nd7 21. a5 g5
22. g3 gxf4 23. gxf4 Kh8 24. Kh1 Rg8 25. Rg1 Rg6 26. Rxg6 hxg6 27. Na4 Kg7 28.
Rd1 Nab8 29. c5 Kf7 30. Qc4 Qe8 31. Qb4 Ra7 32. Nb6 Nf8 33. Nc4 Nbd7 34. Nd6+
Bxd6 35. cxd6 b6 36. axb6 Rxa2 37. Rd2 Rxd2 38. Nxd2 c5 39. Qb5 Qa8+ 40. b7
Qa1+ 41. Qb1 Qa4 42. Kg1 Nb8 43. Qb3 Qc6 44. Kf2 Nfd7 45. h4 Na6 46. Nf3 c4 47.
Qb1 Qd5 48. h5 gxh5 49. Qh1 Nf8 50. Qxh5+ Kg7 51. Qg5+ Kh8 52. Qf6+ Kg8 53.
Qg5+ Kh8 54. Qe7 1-0

[Event "9th Calgary International"]
[Site "Calgary"]
[Date "2016.07.31"]
[Round "7.10"]
[White "Findlay, Ian"]
[Black "Haessel, Dale"]
[Result "1/2-1/2"]
[WhiteElo "2245"]
[BlackElo "2187"]
[PlyCount "89"]
[EventDate "2016.07.27"]
[EventType "swiss"]
[EventRounds "9"]
[EventCountry "CAN"]

1. e4 e5 2. Nf3 Nc6 3. Bb5 a6 4. Ba4 Nf6 5. O-O Be7 6. Re1 b5 7. Bb3 O-O 8. c3
d6 9. h3 Nb8 10. d4 Nbd7 11. Nbd2 Bb7 12. Bc2 Re8 13. Nf1 Bf8 14. Ng3 g6 15. a4
c5 16. d5 c4 17. Bg5 h6 18. Be3 Nc5 19. Qd2 h5 20. Bg5 Be7 21. Ra3 Nfd7 22. Be3
Qc7 23. Rea1 Bf6 24. Qc1 Nb6 25. axb5 axb5 26. Nd2 Nca4 27. Ne2 Reb8 28. R1a2
Bc8 29. Qa1 Bd7 30. b3 cxb3 31. Bxb3 Qd8 32. c4 Qe8 33. cxb5 Bxb5 34. Nc3 Nxc3
35. Qxc3 Bd8 36. Qb4 Rxa3 37. Rxa3 Nc8 38. Bc4 Bc7 39. Bxb5 Qxb5 40. Qxb5 Rxb5
41. Rc3 Rb7 42. Nc4 Kg7 43. g4 hxg4 44. hxg4 f5 45. gxf5 1/2-1/2

[Event "9th Calgary International"]
[Site "Calgary"]
[Date "2016.07.31"]
[Round "7.11"]
[White "Bates, Darren"]
[Black "Collyer, Curt"]
[Result "0-1"]
[WhiteElo "1867"]
[BlackElo "2238"]
[PlyCount "72"]
[EventDate "2016.07.27"]
[EventType "swiss"]
[EventRounds "9"]
[EventCountry "CAN"]

1. e4 e6 2. d4 d5 3. Nc3 Nc6 4. Nf3 Nf6 5. Bg5 Be7 6. e5 Ne4 7. Bxe7 Qxe7 8. a3
Bd7 9. Bd3 Ng5 10. Be2 Nxf3+ 11. Bxf3 f6 12. Bxd5 O-O-O 13. exf6 Qxf6 14. Bxc6
Bxc6 15. f3 Qh4+ 16. g3 Qh3 17. Qe2 Rxd4 18. Rd1 e5 19. Rf1 Rhd8 20. Rd3 Qh6
21. Kd1 Qd6 22. Rxd4 exd4 23. Ne4 Qd5 24. Qd2 Qa2 25. Qc1 d3 26. cxd3 Rxd3+ 27.
Ke2 Rb3 28. Rd1 Bxe4 29. fxe4 Rxb2+ 30. Kf3 Rb3+ 31. Kg4 Qe2+ 32. Kh3 Qxe4 33.
Qg5 Qe6+ 34. Kg2 Qe2+ 35. Kh3 Qxd1 36. Qf5+ Qd7 0-1

[Event "9th Calgary International"]
[Site "Calgary"]
[Date "2016.07.31"]
[Round "7.12"]
[White "Nechio, Douglas"]
[Black "Ebrahim-Shirazi, Behrooz"]
[Result "0-1"]
[WhiteElo "1906"]
[BlackElo "2050"]
[PlyCount "90"]
[EventDate "2016.07.27"]
[EventType "swiss"]
[EventRounds "9"]
[EventCountry "CAN"]

1. e4 e6 2. d3 d5 3. Qe2 Nf6 4. Nf3 b6 5. e5 Nfd7 6. g3 c5 7. Bg2 Nc6 8. Bf4 h6
9. h4 Be7 10. Nbd2 Ba6 11. c4 Nf8 12. a3 Ng6 13. Be3 d4 14. Bf4 Nxf4 15. gxf4
Qd7 16. h5 Bb7 17. Ne4 O-O-O 18. O-O-O Kb8 19. Rdg1 Rhe8 20. Bh3 Bf8 21. Rg3 b5
22. cxb5 Na5 23. Rhg1 Qd5 24. Nfd2 c4 25. dxc4 Nxc4 26. Nxc4 d3 27. Qxd3 Qxd3
28. Rxd3 Rxd3 29. Ned6 Re7 30. Bf1 Rd4 31. Na5 Rc7+ 32. Bc4 Bxd6 33. exd6
Rcxc4+ 34. Nxc4 Rxc4+ 35. Kd2 Rxf4 36. Rxg7 Kc8 37. Rh7 Rxf2+ 38. Ke3 Rf6 39.
Kd4 Kd7 40. Rh8 Kxd6 41. Rb8 e5+ 42. Kc3 Kc7 43. Re8 Re6 44. Rf8 Re7 45. Rh8 e4
0-1

[Event "9th Calgary International"]
[Site "Calgary"]
[Date "2016.07.31"]
[Round "7.13"]
[White "Timmerman, Brian"]
[Black "Dave, Bhavik"]
[Result "1/2-1/2"]
[WhiteElo "1524"]
[BlackElo "1669"]
[PlyCount "70"]
[EventDate "2016.07.27"]
[EventType "swiss"]
[EventRounds "9"]
[EventCountry "CAN"]

1. e4 e5 2. Nf3 Nc6 3. Bb5 a6 4. Ba4 Nf6 5. O-O b5 6. Bb3 Be7 7. d3 O-O 8. Nc3
d6 9. a3 Bg4 10. Be3 Nd4 11. Bxd4 exd4 12. Nd5 c5 13. h3 Be6 14. Nxf6+ Bxf6 15.
Bxe6 fxe6 16. Qd2 e5 17. Rfe1 Qe8 18. b3 Qg6 19. Kh2 Ra7 20. a4 b4 21. Qe2 Raf7
22. Rg1 Be7 23. Raf1 Qh5 24. Qe1 Qh6 25. Nd2 Bg5 26. Nc4 Bh4 27. g3 Bg5 28. Qe2
Rf3 29. Kg2 Qf6 30. Nb6 Rf7 31. Nd5 Qg6 32. Kh2 Qh6 33. Kg2 Qg6 34. Kh2 Qh6 35.
Kg2 Qg6 1/2-1/2

[Event "9th Calgary International"]
[Site "Calgary"]
[Date "2016.07.31"]
[Round "7.14"]
[White "Wu, Chenxi"]
[Black "Wang, Jeff"]
[Result "0-1"]
[WhiteElo "1757"]
[BlackElo "1844"]
[PlyCount "72"]
[EventDate "2016.07.27"]
[EventType "swiss"]
[EventRounds "9"]
[EventCountry "CAN"]

1. e4 c5 2. Nf3 d6 3. d4 cxd4 4. Nxd4 Nf6 5. Nc3 g6 6. Be3 Bg7 7. f3 O-O 8. Qd2
Nc6 9. O-O-O d5 10. Qe1 e5 11. Nxc6 bxc6 12. exd5 Nxd5 13. Bc4 Be6 14. Ne4 Qc7
15. Bc5 Rfd8 16. h4 h6 17. g4 f5 18. gxf5 gxf5 19. Nc3 Qf7 20. Bb3 a5 21. Rg1
Kh7 22. Rg2 Bf6 23. Rh2 Nxc3 24. Qxc3 a4 25. Rxd8 Rxd8 26. Bxe6 Qxe6 27. Rd2 e4
28. Bd4 exf3 29. Qe3 Qxa2 30. c3 Qf7 31. Qxf3 Bxd4 32. cxd4 Qc4+ 33. Kb1 Qd5
34. Qa3 Qe4+ 35. Ka2 Rxd4 36. Qf8 Qd5+ 0-1